U.S. States with W - Statistics

General Stats
  • This quiz has been taken 223 times
  • The average score is 9 of 11
Answer Stats
W state % Correct
Washington
97%
Wyoming
94%
Wisconsin
92%
West Virginia
88%
New York
84%
New Mexico
82%
New Hampshire
80%
New Jersey
77%
Hawaii
67%
Iowa
60%
Delaware
59%
No matching quizzes found
Score Distribution
Percent of People with Each Score
Percentile by Number Answered
Your Score History
You have not taken this quiz